000
00251nam a2200109Ia 4500
008
220204s9999 xx 000 0 und d
082
_a
338.45
_b
KUL
100
_a
M R
245
0
_a
Industrial development
260
_a
New Delhi
_b
NBT
_c
1971
942
_c
BK
999
_c
24412
_d
24412